000 00449nam a2200181Ia 4500
001 24637
005 20260414151057.0
008 260414t2018||||xx |||||||||||||| ||spa||
041 _aESP
082 _a345.721
_bB91A
100 _aBullard González, Alfredo
_eAUT
245 0 _aDestrezas legales en el litigio arbitral
_b
260 _c2018
300 _a291 páginas :
_c24 cm.
650 _aDER
654 _aCDE
942 _cLIB
_dJUS
_fJUS
_2ddc
_n
999 _c24637
_d24637